<?xml version='1.0' encoding='UTF-8'?>
  <record xmlns="http://www.loc.gov/MARC21/slim">
    <leader>00000ctm a22000007i 4500</leader>
    <controlfield tag="001">ocn965404630</controlfield>
    <controlfield tag="003">OCoLC</controlfield>
    <controlfield tag="005">20241119153446.9</controlfield>
    <controlfield tag="008">100512q14001600xx            000 0 lat d</controlfield>
    <datafield tag="040" ind1=" " ind2=" ">
      <subfield code="a">QGJ</subfield>
      <subfield code="b">dut</subfield>
      <subfield code="c">QGJ</subfield>
      <subfield code="d">OCLCL</subfield>
      <subfield code="d">OCLCQ</subfield>
    </datafield>
    <datafield tag="035" ind1=" " ind2=" ">
      <subfield code="a">(OCoLC)965404630</subfield>
    </datafield>
    <datafield tag="041" ind1="1" ind2=" ">
      <subfield code="a">lat</subfield>
      <subfield code="h">grc</subfield>
    </datafield>
    <datafield tag="100" ind1="0" ind2=" ">
      <subfield code="a">Johannes Chrysostomus,</subfield>
      <subfield code="d">ca. 345-407.</subfield>
    </datafield>
    <datafield tag="245" ind1="1" ind2="0">
      <subfield code="a">De compunctione cordis libri II /</subfield>
      <subfield code="c">Johannes Chrysostomus.</subfield>
      <subfield code="f">UBU Hs. 116 (Hs. 2 D 18).</subfield>
    </datafield>
    <datafield tag="246" ind1="1" ind2=" ">
      <subfield code="a">De reparatione lapsi</subfield>
    </datafield>
    <datafield tag="246" ind1="1" ind2=" ">
      <subfield code="a">De providentia Dei ad Stargirium monachum liber</subfield>
    </datafield>
    <datafield tag="246" ind1="1" ind2=" ">
      <subfield code="a">Extracta quaedam e libro secundo de angore animi</subfield>
    </datafield>
    <datafield tag="246" ind1="1" ind2=" ">
      <subfield code="a">De militia spirituali homilia</subfield>
    </datafield>
    <datafield tag="246" ind1="1" ind2=" ">
      <subfield code="a">De militia Christiana homilia</subfield>
    </datafield>
    <datafield tag="246" ind1="1" ind2=" ">
      <subfield code="a">De virtutibus et vitiis hominis</subfield>
    </datafield>
    <datafield tag="246" ind1="1" ind2=" ">
      <subfield code="a">In dictum Pauli, Modico vino utere propter stomachum tuum</subfield>
    </datafield>
    <datafield tag="246" ind1="1" ind2=" ">
      <subfield code="a">De providentia et fato homilie due</subfield>
    </datafield>
    <datafield tag="246" ind1="1" ind2=" ">
      <subfield code="a">De Spiritu Sancto in Pentecoste</subfield>
    </datafield>
    <datafield tag="246" ind1="1" ind2=" ">
      <subfield code="a">De fide et lege naturae</subfield>
    </datafield>
    <datafield tag="246" ind1="1" ind2=" ">
      <subfield code="a">Sermo incipiens Namque non ignoro, optimi ac religiosissimi commilitones mei in Domino</subfield>
    </datafield>
    <datafield tag="260" ind1=" " ind2=" ">
      <subfield code="c">[ca. 1400-1600]</subfield>
    </datafield>
    <datafield tag="300" ind1=" " ind2=" ">
      <subfield code="a">153 fol. ;</subfield>
      <subfield code="c">167 x 123 (120 x 85) mm.</subfield>
    </datafield>
    <datafield tag="336" ind1=" " ind2=" ">
      <subfield code="a">text</subfield>
      <subfield code="b">txt</subfield>
      <subfield code="2">rdacontent</subfield>
    </datafield>
    <datafield tag="337" ind1=" " ind2=" ">
      <subfield code="a">unmediated</subfield>
      <subfield code="b">n</subfield>
      <subfield code="2">rdamedia</subfield>
    </datafield>
    <datafield tag="338" ind1=" " ind2=" ">
      <subfield code="a">volume</subfield>
      <subfield code="b">nc</subfield>
      <subfield code="2">rdacarrier</subfield>
    </datafield>
    <datafield tag="340" ind1=" " ind2=" ">
      <subfield code="a">papier</subfield>
      <subfield code="k">littera hybrida.</subfield>
    </datafield>
    <datafield tag="500" ind1=" " ind2=" ">
      <subfield code="a">Bevat behalve Johannis Chrysostomi De compunctione cordis libri II (fol. 1r-39v) ook: Johannis Chrysostomi De reparatione lapsi (fol. 40r-78r), De providentia Dei ad Stargirium monachum liber Joannis Chrysostomi (fol. 78v-102v), Extracta quaedam e libro secundo de angore animi (fol. 103r-108r), De militia spirituali homelia(fol. 108v-109v), De militia Christiana homelia (fol. 109v-113r), De virtutibus et vitiis hominis (fol. 113v-122r), Johannis Chrysostomi In dictum Pauli, Modico vino utere propter stomachum tuum (fol. 122v-130v), De providentia et fato homilie due Johannis Chrysostomi (fol. 131r-137vv), De Spiritu Sancto in Pentecoste (fol. 138r-140v), De fide et lege naturae (fol. 140v-149r), Sermo incipiens Namque non ignoro, optimi ac religiosissimi commilitones mei in Domino (fol. 150r-153r).</subfield>
    </datafield>
    <datafield tag="500" ind1=" " ind2=" ">
      <subfield code="a">Door verschillende kopiisten geschreven.</subfield>
    </datafield>
    <datafield tag="500" ind1=" " ind2=" ">
      <subfield code="a">Met glossen.</subfield>
    </datafield>
    <datafield tag="500" ind1=" " ind2=" ">
      <subfield code="a">Auteur van De Spiritu Sancto in Pentecoste is Gregorius Nazianzenus.</subfield>
    </datafield>
    <datafield tag="500" ind1=" " ind2=" ">
      <subfield code="a">De reparatione lapsi uit het Grieks in het Latijn vert. door Anianus Celadensis.</subfield>
    </datafield>
    <datafield tag="500" ind1=" " ind2=" ">
      <subfield code="a">De militia spirituali en De militia Christiana ten onrechte toegeschreven aan Johannes Chrysostomus.</subfield>
    </datafield>
    <datafield tag="500" ind1=" " ind2=" ">
      <subfield code="a">Fol. 1r: Antonius Hemerius in hagha prope Endoviam.</subfield>
    </datafield>
    <datafield tag="524" ind1=" " ind2=" ">
      <subfield code="a">Te citeren als: Universiteitsbibliotheek Utrecht Hs. 116 (Hs. 2 D 18).</subfield>
    </datafield>
    <datafield tag="561" ind1=" " ind2=" ">
      <subfield code="a">Geconfisqueerd ca. 1794 door de Franse bezettingstroepen in Limburg en herontdekt in Maastricht in 1839.</subfield>
    </datafield>
    <datafield tag="563" ind1=" " ind2=" ">
      <subfield code="a">Rolstempelband, leer over kartonnnen platten, rug is vernieuwd, striksluitingen, klavieren.</subfield>
    </datafield>
    <datafield tag="581" ind1=" " ind2=" ">
      <subfield code="a">[P.A. Tiele], Catalogus codicum manu scriptorum Bibliothecae Universitatis Rheno-Trajectinae. I. Trajecti ad Rhenum / Hagae Comitis 1887. p. 33-34.</subfield>
    </datafield>
    <datafield tag="581" ind1=" " ind2=" ">
      <subfield code="a">[A. Hulshof], Catalogus codicum manu scriptorum Bibliothecae Universitatis Rheno-Traiectinae. II. Traiecti ad Rhenum 1909. p. 9.</subfield>
    </datafield>
    <datafield tag="581" ind1=" " ind2=" ">
      <subfield code="a">J.M.M. Hermans, 'Elf kisten boeken uit het gouvernementsgebouw te Maastricht. Lotgevallen van de Limburgse handschriften en oude drukken, gevonden in 1839', in: Miscellanea Neerlandica. Opstellen voor Dr. Jan Deschamps ter gelegenheid van zijn zeventigste verjaardag, I. Onder red. van E. Cockx-Indestege &amp; F. Hendrickx. Leuven 1987, p. 105-143. p. 117, 122-123, 133 nr. 399.</subfield>
    </datafield>
    <datafield tag="655" ind1=" " ind2="7">
      <subfield code="a">Handschriften (vorm)</subfield>
      <subfield code="0">(NL-LeOCL)088143309.</subfield>
      <subfield code="2">gtt</subfield>
    </datafield>
    <datafield tag="700" ind1="0" ind2=" ">
      <subfield code="a">Gregorius Nazianzenus.</subfield>
    </datafield>
    <datafield tag="700" ind1="0" ind2=" ">
      <subfield code="a">Johannes Chrysostomus,</subfield>
      <subfield code="c">Pseudo-</subfield>
    </datafield>
    <datafield tag="700" ind1="0" ind2=" ">
      <subfield code="a">Anianus,</subfield>
      <subfield code="c">diaconus Celadensis,</subfield>
      <subfield code="d">fl. 419.</subfield>
    </datafield>
    <datafield tag="700" ind1="1" ind2=" ">
      <subfield code="a">Hemertius, Antonius,</subfield>
      <subfield code="e">former owner.</subfield>
      <subfield code="4">fmo</subfield>
      <subfield code="5">NL-UtRU</subfield>
    </datafield>
    <datafield tag="710" ind1="2" ind2=" ">
      <subfield code="a">Mariënhage (Eindhoven)</subfield>
      <subfield code="e">former owner.</subfield>
      <subfield code="4">fmo</subfield>
      <subfield code="5">NL-UtRU</subfield>
    </datafield>
    <datafield tag="710" ind1="2" ind2=" ">
      <subfield code="a">Gouvernementsgebouw (Maastricht)</subfield>
      <subfield code="e">former owner.</subfield>
      <subfield code="4">fmo</subfield>
      <subfield code="5">NL-UtRU</subfield>
    </datafield>
    <datafield tag="758" ind1=" " ind2=" ">
      <subfield code="a">De compunctione cordis libri II UBU Hs. 116 (Hs. 2 D 18) (Text)</subfield>
      <subfield code="1">https://id.oclc.org/worldcat/entity/E39PCXgGmHFxpVFpPFm6cwrdYq</subfield>
      <subfield code="4">https://id.oclc.org/worldcat/ontology/hasWork</subfield>
    </datafield>
    <datafield tag="856" ind1="4" ind2="1">
      <subfield code="u">http://objects.library.uu.nl/reader/resolver.php?obj=002313441&amp;type=2</subfield>
      <subfield code="x">Online</subfield>
      <subfield code="z">Full Text</subfield>
    </datafield>
    <datafield tag="936" ind1=" " ind2=" ">
      <subfield code="a">BATCHLOAD</subfield>
    </datafield>
  </record>